000 01113nam a2200313 a 4500
001 21881
003 BD-RjUL
005 20250809122903.0
008 140305s1897 enk 000 1 eng d
035 _a(BD-RjUL)21946
040 _aBD-RjUL
_beng
_cBD-RjUL
_dBD-RjUL
041 1 _aeng
_hfre
082 _a843.7
_bBAC
100 1 _aBalzac, Honoré de,
_d1799-1850.
_967560
245 1 4 _aThe celibates /
_cHonoré de Balzac
_nVolume II
250 _aCaxton ed
260 _aLondon :
_bCaxton Publishing Company,
_c1897.
300 _a 463 p., [10] leaves of plates) :
_bill. ;
_c22 cm
490 1 _aThe human comedy. Provincial life ;
_vv. 2-3
500 _aTranslated from the French
500 _a"With illustrations"
500 _aReference: George, Albert. Books by Balzac. (New York, 1960)
505 0 _aContents: Pierrette (dated November 1839) -- The curé de Tours (dated April 1832) -- La Rabouilleuse (dated November 1842)
650 0 _aFrench fiction
_xTranslations into English
_964311
830 0 _vv. 2-3
830 0 _aThe human comedy.
_916527
942 _2ddc
_cBK
999 _c21881
_d21881